Responses for Show #7891 - Monday, December 24, 2018

Contestants

[<< previous game]

Charbel Barakat, an attorney from Tampa, Florida

Nicole Neroulias Gupte, a nonprofit communications consultant from Seattle, Washington

Graham Fulton III, a musician and research engineering assistant from Ellington, Connecticut (whose 1-day cash winnings total $22,200)

[next game >>]

Jeopardy! Round responses

NOT FOR PROFIT
ANAGRAMMED MINERALS
WORDS OF COMFORT
IT'S CHRISTMAS EVE
(Alex: We all know that.)
MY NAME IS MY NAME!
THE AMERICAN REVOLUTION
(Sarah: Just steps from Independence Hall, it's Philadelphia's Museum of [*]--a great place to find out how our independence happened.)
    $200 16
coal

Graham
    $200 1
"Silent Night"

Nicole
    $200 11
Judy

Nicole
    $200 6
Lexington and Concord

Graham
    $400 17
breast cancer

Charbel
    $400 21
asbestos

Triple Stumper
    $400 22
(Nicole: What is [*]?)
(Alex: Well, we'll accept that. It's a--what we were going for, of course, is [*].)
(Nicole: Oh, okay. Thank you.)

snug as a bug in a rug (a snug bug rug accepted)

Nicole
    $400 2
It's a Wonderful Life

Charbel
    $400 12
Shirley

Charbel
    $400 7
George III

Charbel
    $3,000 18
Kevin Bacon

Charbel
    $600 27
(The end-of-round signal sounds.)

zircon

Triple Stumper
    $600 23
(Alex: Less than a minute now.)

luxury

Graham
    $600 3
the Grinch

Graham
    $600 13
Sonia

Charbel
    $600 8
the Battle of Bunker Hill

Charbel
    $800 19
Human Rights Watch

Nicole
    $800 26
pyrite

Nicole
    $800 4
A Christmas Carol

Graham
    $800 14
Julia

Nicole
    $800 9
von Steuben

Charbel
    $1000 20
Doctors Without Borders

Nicole
    $1000 25
feldspar

Graham
    $1000 24
succor (sucker)

Graham
    $1000 5
Love, Actually

Charbel
    $1000 15
Gertrude

Graham
    $1000 10
(Alex: You did well in that category. You have a big lead--you're at $4,200.)

Yorktown

Charbel

Scores at the first commercial break (after clue 15):

Graham Nicole Charbel
$2,600 $1,200 $5,200

Scores at the end of the Jeopardy! Round:

Graham Nicole Charbel
$5,400 $4,200 $8,600

Double Jeopardy! Round responses

VERY DEFINITELY FOR PROFIT
ASIAN GEOGRAPHY
"POT"POURRI
LITERARY CHARACTERS BASED ON REAL PEOPLE
STICKER SHOCK
(Alex: Hey...)
LET'S PUT ON A SHOW
    $400 6
Mark Zuckerberg

Nicole
    $400 1
Tibet

Nicole
    $400 11
crackpot

Nicole
    $400 23
Pretty Woman

Graham
    $800 7
(John D.) Rockefeller

Charbel
    $800 2
Baghdad

Nicole
    $800 15
(Nicole: What is [*]?)
(Alex: No.)
(Nicole: [*] dictator?)
(Alex: No.)

(At the next Daily Double:
Alex: Our judges are in the Christmas spirit, and they have decided to accept your response a few moments ago of [*] for dictator. So you pick up $1,600.)

despot (tin-pot accepted)

Nicole
    $800 27
labels

Graham
    $800 17
The Book of Mormon

Graham
    $10,600 8
(Alex: $21,200 for you. Saint Charbel of Lebanon is smiling at you right now.)

(Carlo) Ponzi

Charbel
    $1200 3
Macau

Charbel
    $1200 14
potboiler

Nicole
    $1200 16
(Alex: Mary Rogers became [*].)

Marie RogĂȘt

Triple Stumper
    $1200 20
a fish

Charbel
    $600 22
(Alex: Charbel, am I correct in assuming that you're going to make this another True Daily Double?)
(laughter)
(Charbel: No, sir, we're going to make this...600 bucks.)
(Alex: $600 only?)
(Charbel: Yes, sir.)
...
(Alex: Less than a minute now.)

12 Angry Men

Charbel
    $1600 9
(P.T.) Barnum

Charbel
    $1600 4
Laos

Graham
    $1600 12
hot spot

Nicole
    $1600 18
Natty Bumppo

Charbel
    $1600 19
(Graham: What is [*]?)
(Alex: All right. We would have preferred the abbreviation--[*], but go again.)

manufacturer's suggested retail price (MSRP)

Graham
    $1600 21
(Graham: What is a meteor shower?)
(Nicole: What is a lunar eclipse?)

the Northern Lights

GrahamNicole
Triple Stumper
    $2000 10
(Graham: Who is Reynolds?)
(Alex: There's a university named for him. Mr. [*].)

Duke

Graham
Triple Stumper
    $2000 5
the Philippines

Graham
    $2000 13
(Alex: You know it better as a [*].)
(laughter)

potato

Triple Stumper
    $2000 26
Sir Walter Raleigh

Charbel
    $2000 25
Shepard Fairey

Nicole
    $2000 24
Under Milk Wood

Triple Stumper

Scores at the end of the Double Jeopardy! Round:

Graham Nicole Charbel
$9,000 $10,200 $28,200
(lock game)

[wagering suggestions for these scores]

Final Jeopardy! Round responses

BRITISH NAMES
(Alex: [British accent] I do believe this is a very good subject for Final Jeopardy!)
GrahamWho is Downing?
$9,000
NicoleWho is Downing? Hi Kids!
$7,800
CharbelWho is Downing?!? :)
$2,500
(Sir George) Downing

Final scores:

Graham Nicole Charbel
$18,000 $18,000 $30,700
3rd place: $1,000 2nd place: $2,000 New champion: $30,700

Game dynamics:

Coryat scores:

Graham Nicole Charbel
$9,000 $10,200 $17,000
14 R,
2 W
15 R,
1 W
18 R
(including 3 DDs),
0 W

Combined Coryat: $36,200

[game clues] [game scores] [suggest correction]

Game tape date: 2018-11-07
The J! Archive is created by fans, for fans. Scraping, republication, monetization, and malicious use prohibited; this site may use cookies and collect identifying information. See terms. The Jeopardy! game show and all elements thereof, including but not limited to copyright and trademark thereto, are the property of Jeopardy Productions, Inc. and are protected under law. This website is not affiliated with, sponsored by, or operated by Jeopardy Productions, Inc. Join the discussion at JBoard.tv.